Sports Quiz

Random Sports or Baseball Quiz

MLB - AL First Baseman of the 1980s Quiz Stats

 Plays Quiz not verified by Sporcle

Challenge
Share
Tweet
Embed
Score 0/140 Timer 15:00
1 Play Today
% Correct
Don Mattingly
98.2%
Don Mattingly
98.2%
Don Mattingly
98.2%
Don Mattingly
98.2%
Don Mattingly
98.2%
Don Mattingly
98.2%
Eddie Murray
96.8%
Eddie Murray
96.8%
Eddie Murray
96.8%
Eddie Murray
96.8%
Eddie Murray
96.8%
Eddie Murray
96.8%
Eddie Murray
96.8%
Eddie Murray
96.8%
Eddie Murray
96.8%
Kent Hrbek
93.2%
Kent Hrbek
93.2%
Kent Hrbek
93.2%
Kent Hrbek
93.2%
Kent Hrbek
93.2%
Kent Hrbek
93.2%
Kent Hrbek
93.2%
Kent Hrbek
93.2%
Mark McGwire
93.2%
Mark McGwire
93.2%
Mark McGwire
93.2%
Cecil Cooper
89.7%
Cecil Cooper
89.7%
Cecil Cooper
89.7%
Cecil Cooper
89.7%
Cecil Cooper
89.7%
Cecil Cooper
89.7%
Cecil Cooper
89.7%
Alvin Davis
85.9%
Alvin Davis
85.9%
Alvin Davis
85.9%
Alvin Davis
85.9%
Alvin Davis
85.9%
Alvin Davis
85.9%
George Brett
81.9%
George Brett
81.9%
George Brett
81.9%
Dwight Evans
80.9%
Darrell Evans
80.9%
Darrell Evans
80.9%
Darrell Evans
80.9%
Bill Buckner
77.9%
% Correct
Bill Buckner
77.9%
Bill Buckner
77.9%
Wally Joyner
77.5%
Wally Joyner
77.5%
Wally Joyner
77.5%
Wally Joyner
77.5%
Steve Balboni
75.8%
Steve Balboni
75.8%
Steve Balboni
75.8%
Rod Carew
74.3%
Rod Carew
74.3%
Rod Carew
74.3%
Rod Carew
74.3%
Rod Carew
74.3%
Rod Carew
74.3%
Fred McGriff
64.4%
Fred McGriff
64.4%
Rafael Palmeiro
62.2%
John Mayberry
61.4%
John Mayberry
61.4%
John Mayberry
61.4%
Joe Carter
58.7%
Willie Upshaw
57.9%
Willie Upshaw
57.9%
Willie Upshaw
57.9%
Willie Upshaw
57.9%
Willie Upshaw
57.9%
Willie Upshaw
57.9%
Willie Upshaw
57.9%
Ron Jackson
57.8%
Mike Hargrove
54.7%
Mike Hargrove
54.7%
Mike Hargrove
54.7%
Mike Hargrove
54.7%
Mike Hargrove
54.7%
Greg Walker
50.5%
Greg Walker
50.5%
Greg Walker
50.5%
Greg Walker
50.5%
Greg Walker
50.5%
Greg Walker
50.5%
Willie Aikens
49.8%
Willie Aikens
49.8%
Willie Aikens
49.8%
Willie Aikens
49.8%
Pete O'Brien
49.7%
Pete O'Brien
49.7%
% Correct
Pete O'Brien
49.7%
Pete O'Brien
49.7%
Pete O'Brien
49.7%
Pete O'Brien
49.7%
Pete O'Brien
49.7%
Tony Perez
44.7%
Tony Perez
44.7%
Nick Esasky
43.7%
Bob Watson
43.4%
Bob Watson
43.4%
Dave Stapleton
38.8%
Dave Stapleton
38.8%
Dave Bergman
37.8%
Dave Bergman
37.8%
Bruce Bochte
37.6%
Bruce Bochte
37.6%
Bruce Bochte
37.6%
Bruce Bochte
37.6%
Bruce Bochte
37.6%
Greg Brock
32.1%
Greg Brock
32.1%
Greg Brock
32.1%
Ken Griffey
31.5%
Pat Tabler
30.6%
Pat Tabler
30.6%
Mike Squires
30.4%
Mike Squires
30.4%
Mike Squires
30.4%
Mike Squires
30.4%
Todd Benzinger
29.6%
Jim Spencer
25.4%
Richie Hebner
23.3%
Richie Hebner
23.3%
Pat Putnam
22.6%
Pat Putnam
22.6%
Pat Putnam
22.6%
Dave Revering
20.8%
Enos Cabell
20.2%
Enos Cabell
20.2%
Wayne Gross
19.6%
Randy Milligan
19.1%
Dan Meyer
16.8%
Ray Knight
14.9%
Dave Hostetler
14.7%
Gary Gray
5.1%
Danny Goodwin
4.9%

You're not logged in!

Compare scores with friends on all Sporcle quizzes.
Join for Free
OR
Log In

You Might Also Like...

Show Comments

Extras

Top Quizzes Today


Score Distribution

Your Account Isn't Verified!

In order to create a playlist on Sporcle, you need to verify the email address you used during registration. Go to your Sporcle Settings to finish the process.

Report this User

Report this user for behavior that violates our Community Guidelines.

Details: